000 01768nam a2200361 i 4500
001 768714001
003 CO-MdFUSB
005 20260317120346.0
007 ta
008 251001t1970 sp |||g |||| 00| 0 spa d
040 _aCO-MdFUSB
_bspa
_cCO-MdFUSB
_dCO-MdFUSBC
_erda
041 _aspa
_heng
082 _223
_a230.2092
_bB939
100 _aO'Meara, Thomas F.,
_eautor
240 _aRudolf Bultmann in Catholic Thought
245 _aRudolf Bultmann en el pensamiento católico
_c/ Thomas F. O´meara , Donald M. Weisser ; traducido por E. Martino , S. J.
264 1 _bSal Terrae,
_aSantander, España :
_c[1970]
264 4 _c©1970
300 _a239 páginas
_c; 21 cm
336 _2rdacontent
_atexto
_btxt
337 _2rdamedia
_asin mediación
_bn
338 _2rdacarrier
_avolumen
_bnc
490 _aTeología y mundo actual
505 _aLa desmitologización y la verdad teológica / Heinrich Fries. -- La desmitologización en la escuela de Alejandría / Jean Daniélou. -- Los Evangelios y la crítica de las formas / Rudolf Schnackenburg. -- Bultmann y el Evangelio según San Juan / Josef Blank. -- Bultmann y el Antiguo Testamento / René Marlé. -- Nuevos aspectos de la fe / Gotthold Hasenhüttl. -- Los sacramentos en la teología de Bultmann / John L. McKenzie. -- Historia y kerygma en Bultmann / Claude Geffré. -- Bultmann y Heidegger / Helmut Peuker. -- Bultmann y la teología del mañana / Thomas F. O'Meara.
563 _arústico
600 0 _aBultmann, Rudolf.
_2Crítica e interpretación
653 _aTeología católica -- Siglo XX
700 _aWeisser, Donald M.
_eautor
_911979
700 _aMartino, E.,
_etraductor
_911980
942 _cBK
945 _aEstudiante Juan Eusse
999 _c71475
_d71475